000
00204 a2200097 4500
001
2068
100
_a
Draper, C S
245
_a
Instrument engineering
260
_a
_b
Mc Graw Hill
_c
090
_c
1527
_d
1527
942
_a
NUST-CAE
_c
M
_c
5858
999
_c
237141
_d
237141